Un nuevo regimen bananero en la UE
Guardado en:
| Formato: | Texto |
|---|---|
| Materias: | |
| Etiquetas: |
Agregar Etiqueta
Sin Etiquetas, Sea el primero en etiquetar este registro!
|
MARC
| LEADER | 00000 a a2200000 04500 | ||
|---|---|---|---|
| 001 | 6963 | ||
| 003 | |||
| 040 | |||
| 245 | |a Un nuevo regimen bananero en la UE | ||
| 650 | |a EXPORTACIONES | ||
| 650 | |a COMERCIO INTERNACIONAL | ||
| 650 | |a BANANOS | ||
| 650 | |a COSTA RICA | ||
| 650 | |a EUROPA | ||
| 773 | |g volumen 5, número 14; páginas 6-7 | ||
| 999 | |c 27689 |d 27689 | ||
